000 00805cab a2200265 4500
001 WB2807-07
008 090401t1992 xxu||||| |||| 00| 0 eng d
035 _a(Sirsi) u33120
041 _aeng
245 _aNew controls on ecclesiastical buildings
260 _c1992
350 _a0
490 _aDoE News Release
_v(84) 5 February 1992 (1)
520 _aDoE has announced new proposals for restricting ecclesiastical exemption from listed building control.
650 _aBUILDING CONTROL
_96222
650 _aCATHEDRALS
650 _aCHURCHES
650 _aCONSULTATION PAPERS
650 _aECCLESIASTICAL BUILDINGS
650 _aLISTED BUILDINGS
690 _aBUILDING AND CONSTRUCTION-CONTROL
690 _aBUILT ENVIRONMENT-BUILDING INSPECTION
942 _n0
948 _c04/03/1997
999 _c22140
_d22140